The peripheral blood film / (Record no. 3448)
[ view plain ]
| 000 -LEADER | |
|---|---|
| fixed length control field | 00602nac a22001931u 4500 |
| 008 - FIXED-LENGTH DATA ELEMENTS--GENERAL INFORMATION | |
| fixed length control field | 140904b xxu||||| |||| 00| 0 eng d |
| 010 ## - LIBRARY OF CONGRESS CONTROL NUMBER | |
| LC control number | 68069336 |
| 082 ## - DEWEY DECIMAL CLASSIFICATION NUMBER | |
| Classification number | 616.0758 |
| Item number | H231 |
| 100 ## - MAIN ENTRY--PERSONAL NAME | |
| Personal name | Harper, E. Gurney (Edwney) |
| 245 ## - TITLE STATEMENT | |
| Title | The peripheral blood film / |
| Statement of responsibility, etc | [by] Trevor A. Harper. |
| 260 ## - PUBLICATION, DISTRIBUTION, ETC. (IMPRINT) | |
| Place of publication, distribution, etc | London: |
| Name of publisher, distributor, etc | Butterworths, C.1968. |
| Date of publication, distribution, etc | C.1968. |
| 300 ## - PHYSICAL DESCRIPTION | |
| Extent | ix, 134 p: |
| Other physical details | 60 illus |
| Dimensions | 22 cm. |
| 500 ## - GENERAL NOTE | |
| General note | Donations . |
| 500 ## - GENERAL NOTE | |
| General note | Donations - Bibliotheca Alexandrina. |
| 650 ## - SUBJECT ADDED ENTRY--TOPICAL TERM | |
| Topical term or geographic name as entry element | Blood--Examination. |
| 650 ## - SUBJECT ADDED ENTRY--TOPICAL TERM | |
| Topical term or geographic name as entry element | Blood cells. |
| 650 ## - SUBJECT ADDED ENTRY--TOPICAL TERM | |
| Topical term or geographic name as entry element | Diagnosis, Laboratory. |
| 942 ## - ADDED ENTRY ELEMENTS (KOHA) | |
| Item type | Book - Borrowing |
| Call number prefix | 616.0758H231 |
| Source of classification or shelving scheme | Dewey Decimal Classification |
| Withdrawn status | Item status | Source of classification or shelving scheme | Damaged status | Not for loan | Home library | Current library | Shelving location | Date acquired | Source of acquisition | Total Checkouts | Full call number | Barcode | Date last seen | Koha item type |
|---|---|---|---|---|---|---|---|---|---|---|---|---|---|---|
| Dewey Decimal Classification | Central Library | Central Library | First floor | 07/04/2012 | Purchase | 616.0758 HAR | 000030284 | 15/07/2025 | Book - Borrowing |